14 Imaginary Movie Characters Quiz Stats

Quiz Updated Jun 3, 2015

Also try: Cinematic Slackers
Challenge
Share
Tweet
Score 0/14 Timer 06:00
1 Play Today
Year Movie Title % Correct
2000Cast Away (Wilson)
94.1%
1999Fight Club (Tyler Durden)
83.3%
2001Donnie Darko (Frank)
70.4%
1980The Shining (Tony)
53.1%
2007Ratatouille (Chef Gusteau)
52%
1995Billy Madison (The Penguin)
43.6%
1993The Sandlot (Babe Ruth)
34%
Year Movie Title % Correct
2007Inception (Mal Cobb)
32.6%
1991Drop Dead Fred (Drop Dead Fred)
30.9%
2007Lars and the Real Girl (Bianca)
28.9%
2001A Beautiful Mind (Charles)
28.5%
1993True Romance (Elvis Presley)
12.8%
2009Youth in Revolt (Francois Dillinger)
10%
1973The Exorcist (Captain Howdy)
8.9%

You're not logged in!

Compare scores with friends on all Sporcle quizzes.
Join for Free
OR
Log In

You Might Also Like...

Show Comments

Extras

Top Quizzes Today


Score Distribution

Your Account Isn't Verified!

In order to create a playlist on Sporcle, you need to verify the email address you used during registration. Go to your Sporcle Settings to finish the process.

Report this User

Report this user for behavior that violates our Community Guidelines.

Details: